[Event "DRAGOMANOV FIT 2025-MASTERS"]
[Site "Kyiv"]
[Date "2025.10.03"]
[Round "7.3"]
[White "Shton, Roman"]
[Black "Zhukovskyi, Oleksandr"]
[Result "1/2-1/2"]
[WhiteElo "2081"]
[BlackElo "2145"]
[Annotator "Prokhorov,Oleksandr"]
[PlyCount "31"]
[EventDate "2025.09.30"]
[EventType "swiss"]
[EventRounds "10"]
[EventCountry "UKR"]
[EventCategory "1"]

1. Nf3 Nf6 2. g3 g6 3. Bg2 Bg7 4. O-O O-O 5. c4 c6 6. d4 d5 7. cxd5 cxd5 8. Ne5
Nc6 9. Bf4 Bf5 10. Nc3 Nh5 11. Bc1 Nf6 12. Bf4 Nh5 13. Bc1 Nf6 14. Bf4 Nh5 15.
Bc1 Nf6 16. Bf4 $11 1/2-1/2

[Event "DRAGOMANOV FIT 2025-MASTERS"]
[Site "Kyiv"]
[Date "2025.10.03"]
[Round "7.4"]
[White "Gromosiak, Antonii"]
[Black "Vashchenko, Illia"]
[Result "1/2-1/2"]
[WhiteElo "1894"]
[BlackElo "1808"]
[Annotator "Prokhorov,Oleksandr"]
[PlyCount "59"]
[EventDate "2025.09.30"]
[EventType "swiss"]
[EventRounds "10"]
[EventCountry "UKR"]
[EventCategory "1"]

1. e4 c5 2. Nf3 d6 3. d4 cxd4 4. Nxd4 Nf6 5. f3 e5 6. Nb3 d5 7. Bg5 Be6 8. exd5
Qxd5 9. N1d2 Nbd7 10. Bc4 Qc6 11. Bxe6 Qxe6 12. Qe2 Rc8 13. Bxf6 Nxf6 14. c3 a6
15. O-O Bd6 16. Ne4 Bb8 17. Nxf6+ Qxf6 18. Rad1 O-O 19. Rd7 Qb6+ 20. Kh1 Rfd8
21. Rfd1 Rxd7 22. Rxd7 Ba7 23. Qd1 g6 24. g3 Rc7 25. Rd6 Qf2 26. Rd2 Qe3 27.
Rd3 Qf2 28. Rd2 Qe3 29. Rd3 Qf2 30. Rd2 $11 1/2-1/2

[Event "DRAGOMANOV FIT 2025-MASTERS"]
[Site "Kyiv"]
[Date "2025.10.03"]
[Round "7.5"]
[White "Mikhalsky, Vladimir"]
[Black "Zhukovskyi, Myhaylo"]
[Result "0-1"]
[WhiteElo "2219"]
[BlackElo "2156"]
[Annotator "Prokhorov,Oleksandr"]
[PlyCount "90"]
[EventDate "2025.09.30"]
[EventType "swiss"]
[EventRounds "10"]
[EventCountry "UKR"]
[EventCategory "1"]

1. c4 e5 2. Nc3 Nf6 3. g3 Bb4 4. Bg2 O-O 5. e4 Bxc3 6. bxc3 Re8 7. Ne2 d6 8. d3
Nbd7 9. O-O Nc5 10. h3 a6 11. a4 Bd7 12. Be3 Bc6 13. a5 Qe7 14. f4 b5 15. axb6
cxb6 16. g4 b5 17. cxb5 axb5 18. Qc2 Rec8 19. Ng3 Bb7 20. Kh2 Qc7 21. f5 Ncd7
22. g5 Ne8 23. Rxa8 Bxa8 24. Ne2 Nc5 25. h4 Qd8 26. Bh3 d5 27. f6 Rc7 28. Bxc5
Rxc5 29. exd5 Bxd5 30. Qd2 Qd6 31. Ng3 g6 32. d4 Bc6 33. Re1 exd4 34. cxd4 Rc4
35. Rd1 b4 36. Bf1 Rc3 37. Qf2 Rf3 38. Qe1 Rf4 39. d5 Rxh4+ 40. Kg1 Bd7 41. Qe3
h6 42. gxh6 Nxf6 43. Bg2 Ng4 44. Qf3 Qc5+ 45. Kf1 Nh2+ 0-1

[Event "DRAGOMANOV FIT 2025-MASTERS"]
[Site "Kyiv"]
[Date "2025.10.03"]
[Round "7.6"]
[White "Diak, Hryhorii"]
[Black "Anatskiy, Alexey"]
[Result "1-0"]
[WhiteElo "1956"]
[BlackElo "1846"]
[Annotator "Prokhorov,Oleksandr"]
[PlyCount "143"]
[EventDate "2025.09.30"]
[EventType "swiss"]
[EventRounds "10"]
[EventCountry "UKR"]
[EventCategory "1"]

1. d4 d5 2. Nf3 c6 3. e3 Bg4 4. c4 Bxf3 5. Qxf3 e6 6. Nc3 f5 7. g4 Nh6 8. gxf5
Nxf5 9. cxd5 cxd5 10. Bd3 g6 11. h4 Nc6 12. h5 Bg7 13. Rg1 Qf6 14. Bxf5 gxf5
15. Qg3 O-O 16. e4 Nxd4 17. Bg5 Qxg5 18. Qxg5 Nf3+ 19. Ke2 Nxg5 20. Rxg5 Kf7
21. exd5 Bf6 22. dxe6+ Kxe6 23. Rg3 Rad8 24. Re1 Kf7 25. Rf3 Rfe8+ 26. Kf1
Rxe1+ 27. Kxe1 Bxc3+ 28. Rxc3 Rd7 29. Ke2 Kf6 30. f4 Re7+ 31. Kd3 Kg7 32. Rc5
Rd7+ 33. Kc4 Kf6 34. Rd5 Rc7+ 35. Kd4 Ke6 36. Re5+ Kf6 37. Rc5 Re7 38. Kd3 Rd7+
39. Kc3 Ke6 40. Re5+ Kf6 41. Re1 Rc7+ 42. Kd3 Rd7+ 43. Kc3 Rc7+ 44. Kb3 Kf7 45.
Re5 Kf6 46. a4 Rg7 47. Rb5 Rg3+ 48. Kc4 b6 49. Rd5 Rf3 50. Rd4 Ke6 51. Kb5 Rb3+
52. Kc6 Rxb2 53. Rd6+ Kf7 54. Rd7+ Kf6 55. Rxh7 Rb4 56. Rxa7 Rxf4 57. h6 Rh4
58. h7 f4 59. Rd7 Ke5 60. Kxb6 f3 61. a5 Rh6+ 62. Kc5 f2 63. Rf7 Rxh7 64. Rxf2
Rc7+ 65. Kb6 Rc1 66. Rb2 Kd6 67. a6 Kd7 68. a7 Rc6+ 69. Ka5 Rc5+ 70. Ka6 Rc6+
71. Rb6 Rc8 72. Rb8 1-0

[Event "DRAGOMANOV FIT 2025-MASTERS"]
[Site "Kyiv"]
[Date "2025.10.03"]
[Round "7.7"]
[White "Alexikov, Alexander"]
[Black "Khristovoy, Roman"]
[Result "0-1"]
[WhiteElo "2176"]
[BlackElo "2111"]
[Annotator "Prokhorov,Oleksandr"]
[PlyCount "138"]
[EventDate "2025.09.30"]
[EventType "swiss"]
[EventRounds "10"]
[EventCountry "UKR"]
[EventCategory "1"]

1. e4 e5 2. Nf3 Nc6 3. Bc4 Bc5 4. O-O Nf6 5. d3 d6 6. c3 a6 7. Nbd2 Ba7 8. a4
O-O 9. Re1 h6 10. Nf1 Re8 11. Be3 Bxe3 12. Nxe3 Be6 13. Qc2 Bxc4 14. dxc4 a5
15. Rad1 Nd7 16. g3 Nc5 17. Kg2 Qc8 18. h4 Ne7 19. h5 Rf8 20. Nh4 g6 21. f3 Kg7
22. Rh1 Rh8 23. b3 Nd7 24. Kf2 Nf6 25. hxg6 fxg6 26. g4 Nh7 27. Nd5 Nxd5 28.
exd5 Qe8 29. c5 Qf7 30. cxd6 cxd6 31. c4 b6 32. Rde1 Qf6 33. Re3 Rhf8 34. Ke2
Qg5 35. Qc3 Rf6 36. Kd1 Raf8 37. Kc2 R8f7 38. Kb2 Qf4 39. Rh3 Ng5 40. Rh1 Qd4
41. Qxd4 exd4 42. Rd3 Nxf3 43. Nxf3 Rxf3 44. Rhd1 Rxd3 45. Rxd3 Rf4 46. b4 Rxg4
47. Kb3 Kf6 48. bxa5 bxa5 49. c5 dxc5 50. Kc4 Ke5 51. Kxc5 Rg1 52. d6 Rc1+ 53.
Kb6 Kxd6 54. Rxd4+ Ke5 55. Rh4 h5 56. Kxa5 Kf5 57. Kb6 Rb1+ 58. Kc6 Ra1 59. Kb5
Kg5 60. Rc4 h4 61. Rc5+ Kg4 62. Rc4+ Kh5 63. a5 g5 64. a6 h3 65. Rc8 Kh4 66.
Kb6 g4 67. Rh8+ Kg3 68. a7 h2 69. Kb7 Kg2 0-1

[Event "DRAGOMANOV FIT 2025-MASTERS"]
[Site "Kyiv"]
[Date "2025.10.03"]
[Round "7.8"]
[White "Nikolaev, Leonid"]
[Black "Shkuta, Igor"]
[Result "1/2-1/2"]
[WhiteElo "2206"]
[BlackElo "1884"]
[Annotator "Prokhorov,Oleksandr"]
[PlyCount "90"]
[EventDate "2025.09.30"]
[EventType "swiss"]
[EventRounds "10"]
[EventCountry "UKR"]
[EventCategory "1"]

1. d4 d5 2. c4 c6 3. Nc3 Nf6 4. e3 e6 5. Nf3 Nbd7 6. Bd3 dxc4 7. Bxc4 b5 8. Bd3
Bb7 9. O-O b4 10. Na4 Be7 11. e4 c5 12. e5 Nd5 13. dxc5 Nxc5 14. Nxc5 Bxc5 15.
Bb5+ Kf8 16. Ng5 Be7 17. Qh5 g6 18. Qh6+ Kg8 19. Rd1 Bf8 20. Qh3 h6 21. Nxe6
Qc8 22. Nxf8 Qxh3 23. gxh3 Kxf8 24. Bc4 Nb6 25. Bb3 Kg7 26. Be3 Rhd8 27. Rac1
Nd5 28. Rd4 Rd7 29. Rcd1 Rad8 30. f4 Bc6 31. Kf2 a5 32. Rc1 a4 33. Bxd5 Bxd5
34. Rxb4 Bxa2 35. Rxa4 Be6 36. h4 Rb8 37. Bd4 Rb3 38. Bc3 Rd3 39. h5 Rh3 40.
hxg6 Kxg6 41. Kg2 Re3 42. f5+ Bxf5 43. Ra6+ Be6 44. Rf1 Re2+ 45. Kg3 Rexb2
1/2-1/2

[Event "DRAGOMANOV FIT 2025-MASTERS"]
[Site "Kyiv"]
[Date "2025.10.03"]
[Round "7.9"]
[White "Mikhaletz, Lubomir"]
[Black "Herasymenko, Maksym"]
[Result "1/2-1/2"]
[WhiteElo "2256"]
[BlackElo "1990"]
[Annotator "Prokhorov,Oleksandr"]
[PlyCount "145"]
[EventDate "2025.09.30"]
[EventType "swiss"]
[EventRounds "10"]
[EventCountry "UKR"]
[EventCategory "1"]

1. d4 d5 2. Nf3 Nf6 3. Bg5 Ne4 4. Bf4 c5 5. e3 Nc6 6. c3 Qb6 7. Qb3 c4 8. Qc2
Bf5 9. Qc1 h6 10. Nbd2 e6 11. Be2 Be7 12. h4 a5 13. h5 a4 14. Bd1 a3 15. b3
cxb3 16. Bxb3 Qa6 17. Nxe4 Bxe4 18. Nd2 Bd3 19. f3 Rc8 20. Qd1 Na5 21. Rc1 Nxb3
22. Nxb3 O-O 23. Kf2 Rc6 24. Qd2 Rfc8 25. Rhd1 Bh7 26. Kg3 b6 27. Re1 Qd3 28.
e4 dxe4 29. Qxd3 exd3 30. Bd2 Kf8 31. Kf2 Bg5 32. f4 Be7 33. Kf3 Ke8 34. g4 Kd7
35. Re5 Rc4 36. Ree1 Bd6 37. Rg1 Bf8 38. Ke3 f6 39. Rgf1 Re8 40. Rce1 e5 41. f5
Bg8 42. Kxd3 Rcc8 43. dxe5 Bc4+ 44. Kc2 Bxf1 45. e6+ Kc6 46. Rxf1 Bc5 47. Kd3
Rcd8+ 48. Nd4+ Kb7 49. Ke4 Rc8 50. Be3 Be7 51. Nb5 Rc4+ 52. Bd4 Ra8 53. Rb1 Rc6
54. Rb3 Ra5 55. Kd5 Ra4 56. Rb1 Ra5 57. c4 Ra4 58. Bxb6 Rxb6 59. c5 Rxb5 60.
Rxb5+ Kc7 61. Rb3 Ra5 62. Rc3 Rb5 63. Rxa3 Rxc5+ 64. Kd4 Rd5+ 65. Kxd5 Bxa3 66.
Kd4 Kb6 67. Kc4 Ka5 68. Kb3 Bf8 69. Kc4 Ba3 70. Kb3 Bf8 71. Kc4 Ba3 72. Kb3 Bf8
73. Kc4 1/2-1/2

[Event "DRAGOMANOV FIT 2025-MASTERS"]
[Site "Kyiv"]
[Date "2025.10.03"]
[Round "7.10"]
[White "Romanov, Vladimir"]
[Black "Mamedov, Ruslan"]
[Result "0-1"]
[WhiteElo "1925"]
[BlackElo "2225"]
[Annotator "Prokhorov,Oleksandr"]
[PlyCount "72"]
[EventDate "2025.09.30"]
[EventType "swiss"]
[EventRounds "10"]
[EventCountry "UKR"]
[EventCategory "1"]

1. e4 c5 2. Nc3 Nc6 3. f4 g6 4. Nf3 Bg7 5. Bc4 e6 6. a3 Nge7 7. Ba2 O-O 8. d3
d5 9. e5 Nd4 10. Nxd4 cxd4 11. Ne2 f6 12. exf6 Bxf6 13. O-O Nf5 14. Kh1 Bd7 15.
Bb3 a5 16. a4 b5 17. c3 dxc3 18. bxc3 b4 19. Bd2 Qb6 20. Rb1 Ne3 21. Bxe3 Qxe3
22. d4 bxc3 23. Rf3 Qd2 24. Rxc3 Qxd1+ 25. Bxd1 Rab8 26. Ra1 Rb4 27. Rc7 Rf7
28. Ra7 Bd8 29. g3 Bb6 30. Ra6 Bc6 31. Rc1 Bb7 32. Rxb6 Rxb6 33. Kg2 Ba6 34.
Rc5 Rb2 35. Kf3 Rd2 36. Rxa5 Bc4 0-1

[Event "DRAGOMANOV FIT 2025-MASTERS"]
[Site "Kyiv"]
[Date "2025.10.04"]
[Round "8.1"]
[White "Khristovoy, Dmitriy"]
[Black "Kislinsky, Alexey"]
[Result "1/2-1/2"]
[WhiteElo "2163"]
[BlackElo "2341"]
[Annotator "Prokhorov,Oleksandr"]
[PlyCount "60"]
[EventDate "2025.09.30"]
[EventType "swiss"]
[EventRounds "10"]
[EventCountry "UKR"]
[EventCategory "1"]

1. e4 c5 2. c3 d5 3. exd5 Qxd5 4. d4 Nc6 5. Nf3 Nf6 6. Be2 cxd4 7. cxd4 Bf5 8.
Nc3 Qa5 9. O-O e6 10. Ne5 Bb4 11. Nxc6 bxc6 12. Bf3 Rc8 13. Bd2 O-O 14. a3 Bxc3
15. Bxc3 Qb6 16. Qe2 Rfd8 17. Rac1 Nd5 18. Bxd5 cxd5 19. Qd2 Qb3 20. Ba5 Re8
21. Rc3 Rxc3 22. Qxc3 Qxc3 23. Bxc3 f6 24. Rc1 Rc8 25. Bd2 Rxc1+ 26. Bxc1 Kf7
27. Bf4 a6 28. Kf1 Bd3+ 29. Ke1 Ke8 30. Kd2 Bf1 $11 1/2-1/2

[Event "DRAGOMANOV FIT 2025-MASTERS"]
[Site "Kyiv"]
[Date "2025.10.04"]
[Round "8.2"]
[White "Zhukovskyi, Oleksandr"]
[Black "Podolskyi, Mykhailo"]
[Result "0-1"]
[WhiteElo "2145"]
[BlackElo "2259"]
[Annotator "Prokhorov,Oleksandr"]
[PlyCount "88"]
[EventDate "2025.09.30"]
[EventType "swiss"]
[EventRounds "10"]
[EventCountry "UKR"]
[EventCategory "1"]

1. Nf3 d5 2. b3 Bf5 3. e3 e6 4. Bb2 h6 5. Be2 Nf6 6. a3 Be7 7. h3 O-O 8. O-O c5
9. c4 Nc6 10. d4 dxc4 11. Bxc4 cxd4 12. Nxd4 Nxd4 13. Bxd4 Ne4 14. Nc3 Bf6 15.
Bxf6 Qxf6 16. Nxe4 Bxe4 17. Qe2 Rfd8 18. Rfd1 Bc6 19. Rxd8+ Rxd8 20. Rd1 Rxd1+
21. Qxd1 Qg5 22. Bf1 Qa5 23. Qd6 Qe1 24. Qd8+ Kh7 25. Qd3+ f5 26. Qe2 Qa1 27.
a4 Bd5 28. Qc2 Qe1 29. g4 Be4 30. Qe2 Qb1 31. Qc4 Qd1 32. Qe2 Qxb3 33. gxf5 $11
exf5 34. a5 $11 Qd5 35. Qe1 Qd6 36. Qc1 Qb4 37. Qa1 Qd6 38. Qc1 Qd5 39. Qe1 Qd8
40. Kh2 b5 41. Qb4 Qc7+ 42. f4 Qc2+ 43. Kg3 Qd1 44. Bg2 Qg1 0-1

[Event "DRAGOMANOV FIT 2025-MASTERS"]
[Site "Kyiv"]
[Date "2025.10.04"]
[Round "8.3"]
[White "Vashchenko, Illia"]
[Black "Shton, Roman"]
[Result "1/2-1/2"]
[WhiteElo "1808"]
[BlackElo "2081"]
[Annotator "Prokhorov,Oleksandr"]
[PlyCount "60"]
[EventDate "2025.09.30"]
[EventType "swiss"]
[EventRounds "10"]
[EventCountry "UKR"]
[EventCategory "1"]

1. d4 Nf6 2. c4 e6 3. g3 d5 4. Nf3 Be7 5. Bg2 O-O 6. O-O dxc4 7. Qc2 b5 8. a4
Bb7 9. axb5 a6 10. Nc3 axb5 11. Rxa8 Bxa8 12. Nxb5 Bd5 13. Bf4 c6 14. Nc3 Bxf3
15. Bxf3 Qxd4 16. Rd1 Qb6 17. e4 Na6 18. Qe2 Qb3 19. Bd6 Bxd6 20. Rxd6 Nb4 21.
Qd2 Nd3 22. Be2 Nxb2 23. Rxc6 Qb4 24. Qd4 Na4 25. Nxa4 Qxa4 26. Rxc4 Qa2 27.
Bf3 e5 28. Qd3 h6 29. Kg2 Rb8 30. Rc2 $11 Qa4 $11 1/2-1/2

[Event "DRAGOMANOV FIT 2025-MASTERS"]
[Site "Kyiv"]
[Date "2025.10.04"]
[Round "8.4"]
[White "Zhukovskyi, Myhaylo"]
[Black "Gromosiak, Antonii"]
[Result "1/2-1/2"]
[WhiteElo "2156"]
[BlackElo "1894"]
[Annotator "Prokhorov,Oleksandr"]
[PlyCount "68"]
[EventDate "2025.09.30"]
[EventType "swiss"]
[EventRounds "10"]
[EventCountry "UKR"]
[EventCategory "1"]

1. Nf3 c5 2. g3 g6 3. Bg2 Bg7 4. c4 Nc6 5. Nc3 d6 6. d3 e5 7. a3 Nge7 8. Rb1 f5
9. Nd2 O-O 10. O-O Be6 11. b4 cxb4 12. axb4 d5 13. b5 Nb8 14. Ba3 d4 15. Nd5
Bxd5 16. cxd5 Nd7 17. d6 Nc8 18. Bxb7 Rb8 19. Bc6 Ncb6 20. Qb3+ Kh8 21. Nc4 h5
22. Nxb6 Nxb6 23. Qe6 Kh7 24. d7 Rf6 25. Qe7 Qg8 26. Qe8 Re6 27. Be7 Nxd7 28.
Qxd7 Qf7 29. Bd6 Qxd7 30. Bxd7 Rxd6 31. Bc6 a6 32. bxa6 Rxb1 33. a7 Rxf1+ 34.
Kxf1 Rd8 $11 1/2-1/2

[Event "DRAGOMANOV FIT 2025-MASTERS"]
[Site "Kyiv"]
[Date "2025.10.04"]
[Round "8.5"]
[White "Anatskiy, Alexey"]
[Black "Mikhalsky, Vladimir"]
[Result "0-1"]
[WhiteElo "1846"]
[BlackElo "2219"]
[Annotator "Prokhorov,Oleksandr"]
[PlyCount "62"]
[EventDate "2025.09.30"]
[EventType "swiss"]
[EventRounds "10"]
[EventCountry "UKR"]
[EventCategory "1"]

1. d4 g6 2. c3 Bg7 3. g3 d6 4. Bg2 Nd7 5. Nf3 e5 6. Bg5 f6 7. Be3 e4 8. Nfd2 f5
9. f3 d5 10. fxe4 dxe4 11. Nb3 Ngf6 12. Qd2 h6 13. c4 b6 14. Na3 a5 15. d5 Ne5
16. Nd4 Nfg4 17. Bg1 h5 18. h3 Nf6 19. Be3 Qe7 20. Bf4 h4 21. gxh4 Rxh4 22. Bg3
Nh5 23. Bh2 e3 24. Qxe3 Rxd4 25. d6 Nd3+ 26. Qxd3 Qh4+ 27. Bg3 Nxg3 28. Qe3+
Ne4+ 29. Kf1 c6 30. Nc2 Rxd6 31. Qxb6 Bd4 0-1

[Event "DRAGOMANOV FIT 2025-MASTERS"]
[Site "Kyiv"]
[Date "2025.10.04"]
[Round "8.6"]
[White "Khristovoy, Roman"]
[Black "Diak, Hryhorii"]
[Result "1/2-1/2"]
[WhiteElo "2111"]
[BlackElo "1956"]
[Annotator "Prokhorov,Oleksandr"]
[PlyCount "97"]
[EventDate "2025.09.30"]
[EventType "swiss"]
[EventRounds "10"]
[EventCountry "UKR"]
[EventCategory "1"]

1. Nf3 Nf6 2. g3 g6 3. b3 Bg7 4. Bb2 d5 5. c4 c6 6. Bg2 dxc4 7. bxc4 Qb6 8. Qb3
Na6 9. O-O Nc5 10. Qc2 O-O 11. Nc3 Bf5 12. d3 Rad8 13. Rfd1 Ng4 14. Rf1 Nxd3
15. exd3 Bxd3 16. Qb3 Bxf1 17. Qxb6 axb6 18. Bxf1 Ne5 19. Nxe5 Bxe5 20. Re1 Bf6
21. Na4 Bxb2 22. Nxb2 Rd2 23. Nd3 e6 24. Rb1 b5 25. cxb5 cxb5 26. Nb4 Rfd8 27.
Rb3 Rd1 28. Kg2 Ra1 29. Bxb5 g5 30. h3 Rdd1 31. a4 h5 32. Kf3 f5 33. Re3 g4+
34. hxg4 hxg4+ 35. Kf4 Rd4+ 36. Kg5 Rxb4 37. Rxe6 Kf7 38. Rf6+ Ke7 39. Rxf5 Ra2
40. Kh4 Rd4 41. Kg5 Rdd2 42. Kxg4 Rxf2 43. Re5+ Kf6 44. Rh5 Ra3 45. Rh6+ Ke5
46. Rg6 Rh2 47. Rg7 Rh8 48. Re7+ Kd4 49. Rd7+ 1/2-1/2

[Event "DRAGOMANOV FIT 2025-MASTERS"]
[Site "Kyiv"]
[Date "2025.10.04"]
[Round "8.7"]
[White "Shkuta, Igor"]
[Black "Alexikov, Alexander"]
[Result "0-1"]
[WhiteElo "1884"]
[BlackElo "2176"]
[Annotator "Prokhorov,Oleksandr"]
[PlyCount "98"]
[EventDate "2025.09.30"]
[EventType "swiss"]
[EventRounds "10"]
[EventCountry "UKR"]
[EventCategory "1"]

1. d4 Nf6 2. c4 g6 3. Nc3 Bg7 4. e4 d6 5. f3 O-O 6. Be3 b6 7. Qd2 c5 8. Nge2
Nc6 9. Rd1 e5 10. dxc5 dxc5 11. Qxd8 Rxd8 12. Rxd8+ Nxd8 13. Nd5 Nc6 14. Nxf6+
Bxf6 15. Nc3 h5 16. Nd5 Bd8 17. g3 Nd4 18. Kf2 a6 19. a3 Be6 20. Bd3 Kf8 21. f4
f6 22. Rf1 Kg7 23. Kg2 Rb8 24. Rc1 Rb7 25. b4 a5 26. b5 Bc7 27. Rf1 Bd8 28. Rf2
Bxd5 29. exd5 e4 30. Bxd4 exd3 31. Be3 Re7 32. Kf3 f5 33. Rd2 Re4 34. Rxd3 Rxc4
35. d6 Kf7 36. Bd2 Ke6 37. Bc3 Kd7 38. h3 Ra4 39. Be5 g5 40. fxg5 Bxg5 41. Bb2
c4 42. Rd5 c3 43. Bxc3 Rxa3 44. Rxf5 Rxc3+ 45. Ke4 Rc4+ 46. Kd3 Rc5 47. Rxc5
bxc5 48. Kc4 a4 49. b6 Kc6 0-1

[Event "DRAGOMANOV FIT 2025-MASTERS"]
[Site "Kyiv"]
[Date "2025.10.04"]
[Round "8.8"]
[White "Herasymenko, Maksym"]
[Black "Nikolaev, Leonid"]
[Result "1-0"]
[WhiteElo "1990"]
[BlackElo "2206"]
[Annotator "Prokhorov,Oleksandr"]
[PlyCount "79"]
[EventDate "2025.09.30"]
[EventType "swiss"]
[EventRounds "10"]
[EventCountry "UKR"]
[EventCategory "1"]

1. d4 c5 2. d5 Nf6 3. c4 g6 4. Nc3 Bg7 5. e4 d6 6. h3 O-O 7. Nf3 e6 8. Bd3 exd5
9. cxd5 a6 10. a4 Nbd7 11. O-O Nh5 12. g4 Nhf6 13. Bf4 Qc7 14. Re1 Re8 15. Bc4
h5 16. e5 Nxe5 17. Bxe5 dxe5 18. d6 Qd8 19. Qb3 Be6 20. Bxe6 fxe6 21. Nxe5 Qxd6
22. Qxb7 Qe7 23. Qg2 hxg4 24. hxg4 Nd7 25. Nxd7 Qxd7 26. Rad1 Bd4 27. Ne4 Qg7
28. g5 Red8 29. Rd3 Rab8 30. Nf6+ Bxf6 31. gxf6 Qxf6 32. Rf3 Qh8 33. Rg3 Kf7
34. Qe4 Qh5 35. Qxe6+ Kg7 36. Qe7+ Kh6 37. Qe3+ Kg7 38. Rg5 Qh7 39. Qe5+ Kh6
40. Rg2 1-0

[Event "DRAGOMANOV FIT 2025-MASTERS"]
[Site "Kyiv"]
[Date "2025.10.04"]
[Round "8.9"]
[White "Mamedov, Ruslan"]
[Black "Mikhaletz, Lubomir"]
[Result "0-1"]
[WhiteElo "2225"]
[BlackElo "2256"]
[Annotator "Prokhorov,Oleksandr"]
[PlyCount "74"]
[EventDate "2025.09.30"]
[EventType "swiss"]
[EventRounds "10"]
[EventCountry "UKR"]
[EventCategory "1"]

1. e4 Nc6 2. Nf3 d6 3. d4 Nf6 4. Nc3 Bg4 5. Bb5 a6 6. Bxc6+ bxc6 7. h3 Bh5 8.
g4 Bg6 9. Qe2 e6 10. Bg5 Be7 11. Bxf6 Bxf6 12. O-O-O c5 13. e5 cxd4 14. Rxd4
Be7 15. h4 h6 16. exd6 cxd6 17. Ne5 Bh7 18. Qf3 O-O 19. Nc6 Qc7 20. g5 h5 21.
Re1 Bd8 22. Nxd8 Rfxd8 23. Qxh5 Rab8 24. a3 a5 25. Rf4 d5 26. Qf3 e5 27. Rg4 d4
28. g6 Bxg6 29. h5 Bxh5 30. Rxg7+ Kxg7 31. Qxh5 dxc3 32. Qg5+ Kf8 33. Qf6 cxb2+
34. Kb1 Rb5 35. Rh1 Ke8 36. Rh8+ Kd7 37. Qxf7+ Kc6 0-1

[Event "DRAGOMANOV FIT 2025-MASTERS"]
[Site "Kyiv"]
[Date "2025.10.04"]
[Round "8.10"]
[White "Rodin, Alexey"]
[Black "Romanov, Vladimir"]
[Result "1/2-1/2"]
[WhiteElo "1830"]
[BlackElo "1925"]
[Annotator "Prokhorov,Oleksandr"]
[PlyCount "155"]
[EventDate "2025.09.30"]
[EventType "swiss"]
[EventRounds "10"]
[EventCountry "UKR"]
[EventCategory "1"]

1. c4 e5 2. Nf3 e4 3. Nd4 Nc6 4. Nb3 Nf6 5. Nc3 Bb4 6. Qc2 O-O 7. g3 a5 8. a3
a4 9. Nxa4 Rxa4 10. axb4 Nxb4 11. Qc3 Rxa1 12. Nxa1 Na2 13. Qc2 d5 14. Bg2 dxc4
15. Qxc4 Be6 16. Qc2 Qd4 17. O-O c6 18. Rd1 Rd8 19. d3 Nb4 20. Qc3 exd3 21.
Qxd4 Rxd4 22. exd3 Rxd3 23. Re1 Rd7 24. Bf1 h6 25. Be3 Nd3 26. Bxd3 Rxd3 27.
Nc2 Rb3 28. Bc1 c5 29. Re3 Rb6 30. Rc3 Rc6 31. Ne3 Kf8 32. Kf1 Ke7 33. Ke1 Kd6
34. Rd3+ Kc7 35. Ra3 b5 36. Ra8 Kb7 37. Ra5 Kb6 38. Ra8 Rd6 39. Bd2 Ne4 40. Bc1
h5 41. Rh8 g6 42. Ra8 b4 43. f3 Nf6 44. Ke2 Kb5 45. Bd2 Nd7 46. Ra7 Nb6 47. Bc1
c4 48. Ke1 Rd3 49. Ke2 Rd8 50. Bd2 Rd7 51. Rxd7 Bxd7 52. Bc1 Ka4 53. Kd2 Bf5
54. g4 hxg4 55. fxg4 Be4 56. Nc2 g5 57. Nd4 f6 58. Ne6 Kb5 59. Ke3 Bd5 60. Nc7+
Kc6 61. Na6 Be6 62. h3 b3 63. Kd4 Na4 64. Nb4+ Kb5 65. Nd5 Bxd5 66. Kxd5 c3 67.
bxc3 Nxc3+ 68. Ke6 Ne2 69. Bb2 Nf4+ 70. Kxf6 Nxh3 71. Ke5 Kc4 72. Ke4 Nf2+ 73.
Kf5 Kd3 74. Kxg5 Kc2 75. Ba1 Kb1 76. Bd4 Kc2 77. Kf5 Nd1 78. Ba1 1/2-1/2

[Event "DRAGOMANOV FIT 2025-MASTERS"]
[Site "Kyiv"]
[Date "2025.10.04"]
[Round "9.1"]
[White "Kislinsky, Alexey"]
[Black "Zhukovskyi, Oleksandr"]
[Result "0-1"]
[WhiteElo "2341"]
[BlackElo "2145"]
[Annotator "Prokhorov,Oleksandr"]
[PlyCount "52"]
[EventDate "2025.09.30"]
[EventType "swiss"]
[EventRounds "10"]
[EventCountry "UKR"]
[EventCategory "1"]

1. e4 Nf6 2. e5 Nd5 3. c4 Nb6 4. d4 d6 5. f4 g6 6. Nc3 dxe5 7. fxe5 c5 8. d5
Bg7 9. Bf4 e6 10. Qd2 O-O 11. O-O-O exd5 12. cxd5 Na6 13. Nf3 Nb4 14. a3 Bf5
15. h4 Na4 16. axb4 cxb4 17. Qd4 Nxc3 18. bxc3 bxc3 19. Bb5 Qa5 20. Qa4 Qb6 21.
Qb3 Qa5 22. Qa4 Qb6 23. g4 a6 24. gxf5 axb5 25. Qd4 Qa5 26. f6 Qa2 0-1

[Event "DRAGOMANOV FIT 2025-MASTERS"]
[Site "Kyiv"]
[Date "2025.10.04"]
[Round "9.2"]
[White "Podolskyi, Mykhailo"]
[Black "Vashchenko, Illia"]
[Result "1/2-1/2"]
[WhiteElo "2259"]
[BlackElo "1808"]
[Annotator "Prokhorov,Oleksandr"]
[PlyCount "60"]
[EventDate "2025.09.30"]
[EventType "swiss"]
[EventRounds "10"]
[EventCountry "UKR"]
[EventCategory "1"]

1. d4 d5 2. c4 e6 3. Nc3 a6 4. cxd5 exd5 5. Nf3 Nf6 6. Bg5 Be6 7. e3 Nbd7 8.
Bd3 Bd6 9. O-O c6 10. Qc2 Qc7 11. Bh4 h6 12. Bg3 Bxg3 13. hxg3 O-O 14. Rfc1 Nb6
15. Nd2 Ne8 16. Ne2 Nd6 17. Nf4 Rae8 18. a4 g5 19. Ne2 f5 20. Nb3 Ne4 21. Nc5
Qe7 22. b4 Bc8 23. Rf1 Nd7 24. Nxd7 Bxd7 25. b5 cxb5 26. axb5 Bxb5 27. Bxb5
axb5 28. Rab1 b4 29. Qb2 Rc8 30. Qxb4 $11 Qxb4 1/2-1/2

[Event "DRAGOMANOV FIT 2025-MASTERS"]
[Site "Kyiv"]
[Date "2025.10.04"]
[Round "9.3"]
[White "Shton, Roman"]
[Black "Zhukovskyi, Myhaylo"]
[Result "0-1"]
[WhiteElo "2081"]
[BlackElo "2156"]
[Annotator "Prokhorov,Oleksandr"]
[PlyCount "66"]
[EventDate "2025.09.30"]
[EventType "swiss"]
[EventRounds "10"]
[EventCountry "UKR"]
[EventCategory "1"]

1. e4 c5 2. Nc3 Nc6 3. f4 g6 4. Nf3 Bg7 5. a3 e6 6. b4 b6 7. e5 d5 8. Nb5 Bf8
9. bxc5 bxc5 10. Nd6+ Bxd6 11. exd6 Qxd6 12. d4 Nge7 13. a4 cxd4 14. Bb5 Bd7
15. O-O f6 16. Kh1 Nf5 17. Bxc6 Qxc6 18. Nxd4 Qc3 19. Nxf5 Qxa1 20. Nd6+ Ke7
21. Rf3 Qxa4 22. Ba3 Rab8 23. f5 Rb4 24. fxe6 Bxe6 25. Qe1 Rhb8 26. Re3 Rb1 27.
Rxe6+ Kd7 28. Re7+ Kc6 29. Bc1 Qxc2 30. Nf5 Qxc1 31. Nd4+ Kb6 32. Re6+ Kb7 33.
Re7+ Ka8 0-1

[Event "DRAGOMANOV FIT 2025-MASTERS"]
[Site "Kyiv"]
[Date "2025.10.04"]
[Round "9.4"]
[White "Gromosiak, Antonii"]
[Black "Anatskiy, Alexey"]
[Result "1-0"]
[WhiteElo "1894"]
[BlackElo "1846"]
[Annotator "Prokhorov,Oleksandr"]
[PlyCount "63"]
[EventDate "2025.09.30"]
[EventType "swiss"]
[EventRounds "10"]
[EventCountry "UKR"]
[EventCategory "1"]

1. e4 c6 2. d4 d5 3. Nd2 dxe4 4. Nxe4 Bf5 5. Ng3 Bg6 6. h4 h6 7. h5 Bh7 8. Nf3
Nd7 9. Bd3 Bxd3 10. Qxd3 Ngf6 11. Bf4 Qa5+ 12. Bd2 Qc7 13. O-O-O e6 14. Rhe1
O-O-O 15. Qe2 Kb8 16. Kb1 Ka8 17. Ne5 Nxe5 18. dxe5 Nd7 19. Bf4 Nc5 20. Rxd8+
Qxd8 21. Rd1 Qc7 22. Qg4 b6 23. Nf1 Kb7 24. Ne3 b5 25. Rd2 a5 26. Bg3 g5 27.
hxg6 Rg8 28. Qf4 Rxg6 29. Bh4 h5 30. Bd8 Bh6 31. Qd4 Bxe3 32. fxe3 1-0